000 00724nam a2200181Ia 4500
008 151202s9999||||xx |||||||||||||| ||und||
082 _bPNVM-85034
100 _aडॉ. पांढरीपांडे विजय.
245 _aनव्या शतकाच्या उंबरठयावर.
260 _bनवल प्रकाशन.
260 _c2015
300 _a360
600 _aडॉ. पांढरीपांडे विजय.
630 _aनव्या शतकाच्या उंबरठयावर.
700 _aडॉ. पांढरीपांडे विजय.
730 _aनव्या शतकाच्या उंबरठयावर.
942 _cBOOK
999 _c1349886
_d1349883